000 00551nam a2200193Ia 4500
005 20250508150940.0
008 008 250505s9999 xx 000 0 eng d
037 _aTextual
040 _aFEDL
_beng
_cFEDL
041 _aeng
_2eng
084 _a630.42, YAT
_qFEDL
100 _aYates P Lamartine
_9126017
245 0 _aFood and farming in post-war Europe
260 _aLondon, UK
_bOxford University Press
_c1943
300 _av,117p
700 _a Warriner D
_9758016
942 _cTEXL
_h630.42, YAT
999 _c1326664
_d1326664